000 00317nam a22001337a 4500
008 171023b xxu||||| |||| 00| 0 eng d
020 _a0070108137
041 _aeng
080 _23RD
_a311
100 _a55
101 _aSTA
245 _aFUNDAMENTAL METHODS OF MATHEMATICAL ECONOMICS
_cCHIANG,A.C
942 _2udc
_cBK
999 _c35505
_d35505